| 000 | 00478nam a2200157 a 4500 | ||
|---|---|---|---|
| 001 | 000003723 | ||
| 005 | 20200929150538.0 | ||
| 008 | 090713t1990 dr 000 0bspa d | ||
| 040 |
_aDO-SdBNP _bspa _cBNPHU |
||
| 082 |
_axxxxx _bxxxx |
||
| 100 | 1 |
_aMacchia, Romano _911336 |
|
| 245 | 1 | 0 |
_aDizionario in 5 lingue : _bfrances, ingles, español, aleman, italiano / _cRomano Macchia. |
| 250 | _a2ª ed. | ||
| 260 |
_aSanto Domingo : _bFotomecánica, _c1990. |
||
| 300 |
_a128 p. ; _c15 cm. |
||
| 999 |
_c3545 _d3545 |
||